[Event "Dimitrovgrad Summer op"]
[Site "Dimitrovgrad"]
[Date "2013.06.23"]
[Round "3"]
[White "Losev, Ivan"]
[Black "Lazutin, Valerij"]
[Result "0-1"]
[WhiteElo "1908"]
[BlackElo "1975"]
[PlyCount "52"]
[EventDate "2013.06.22"]
[EventType "swiss"]
[EventRounds "9"]
[EventCountry "RUS"]
[SourceTitle "EXT 2014"]
[Source "ChessBase"]
[SourceDate "2013.11.20"]
[SourceVersion "1"]
[SourceVersionDate "2013.11.20"]
[SourceQuality "1"]

1. e4 c6 2. Nf3 d5 3. exd5 cxd5 4. d4 Nc6 5. Bb5 Bd7 6. Nc3 e6 7. a3 Nf6 8. 0-0 Be7 9. Bg5 0-0 10. Re1 Rc8 11. h3 a6 12. Ba4 b5 13. Bb3 Na5 14. Ba2 Bxa3 15. Nxd5 Bxb2 16. Nxf6+ gxf6 17. Bh6 Bxa1 18. Bxf8 Kxf8 19. Qxa1 Rxc2 20. Bb1 Rc4 21. Bxh7 Bc6 22. Be4 Bxe4 23. Rxe4 Qc7 24. Re1 Qb6 25. h4 b4 26. Rc1 Nb3 0-1

[Event "Dimitrovgrad Summer op"]
[Site "Dimitrovgrad"]
[Date "2013.06.22"]
[Round "1"]
[White "Elkina, Yuliya"]
[Black "Lazutin, Valerij"]
[Result "1/2-1/2"]
[WhiteElo "1635"]
[BlackElo "1975"]
[PlyCount "39"]
[EventDate "2013.06.22"]
[EventType "swiss"]
[EventRounds "9"]
[EventCountry "RUS"]
[SourceTitle "EXT 2014"]
[Source "ChessBase"]
[SourceDate "2013.11.20"]
[SourceVersion "1"]
[SourceVersionDate "2013.11.20"]
[SourceQuality "1"]

1. Nf3 d5 2. b3 Nf6 3. Bb2 Bg4 4. e3 Nbd7 5. Be2 e6 6. Ne5 Bxe2 7. Qxe2 Nxe5 8. Bxe5 Nd7 9. Bg3 c6 10. d3 h6 11. Nd2 Nf6 12. 0-0 Bd6 13. Bxd6 Qxd6 14. e4 dxe4 15. Nxe4 Nxe4 16. Qxe4 Rd8 17. Rae1 0-0 18. a4 Qc5 19. Qe3 Qxe3 20. Rxe3 1/2-1/2

[Event "Dimitrovgrad-ch"]
[Site "Dimitrovgrad"]
[Date "2013.02.17"]
[Round "2"]
[White "Lazutin, Valerij"]
[Black "Ulanov, Alexandr"]
[Result "0-1"]
[WhiteElo "1981"]
[BlackElo "2390"]
[PlyCount "48"]
[EventDate "2013.02.16"]
[EventType "swiss"]
[EventRounds "9"]
[EventCountry "RUS"]
[SourceTitle "CBM 153 Extra"]
[Source "ChessBase"]
[SourceDate "2013.04.22"]
[SourceVersion "1"]
[SourceVersionDate "2013.04.22"]
[SourceQuality "1"]

1. c4 Nf6 2. Nc3 g6 3. e4 d6 4. g3 Bg7 5. Bg2 0-0 6. d3 Bd7 7. Nge2 Qc8 8. h3 c5 9. Be3 Nc6 10. Qd2 Re8 11. f4 h5 12. 0-0-0 a6 13. Nd5 Nxd5 14. cxd5 Nb4 15. Kb1 Ba4 16. b3 Bb5 17. Nc1 a5 18. a3 a4 19. axb4 axb3 20. d4 cxd4 21. Bxd4 Bxd4 22. Nxb3 Bc3 23. Qe3 Qc4 24. Na5 Qxb4+ 0-1

[Event "Dimitrovgrad-ch"]
[Site "Dimitrovgrad"]
[Date "2013.02.16"]
[Round "1"]
[White "Elkin, Viacheslav"]
[Black "Lazutin, Valerij"]
[Result "0-1"]
[WhiteElo "1632"]
[BlackElo "1981"]
[PlyCount "120"]
[EventDate "2013.02.16"]
[EventType "swiss"]
[EventRounds "9"]
[EventCountry "RUS"]
[SourceTitle "CBM 153 Extra"]
[Source "ChessBase"]
[SourceDate "2013.04.22"]
[SourceVersion "1"]
[SourceVersionDate "2013.04.22"]
[SourceQuality "1"]

1. Nf3 d5 2. b3 Nf6 3. Bb2 e6 4. e3 Be7 5. g3 0-0 6. Bg2 Nbd7 7. d3 b6 8. Nbd2 Bb7 9. Qe2 c5 10. c4 Re8 11. 0-0 Qc7 12. h3 Rad8 13. Rac1 Qb8 14. g4 h6 15. Nh2 dxc4 16. bxc4 Bxg2 17. Kxg2 Ne5 18. d4 Nc6 19. Nb3 Bd6 20. Nf3 Ne4 21. Qc2 f5 22. a3 Qb7 23. gxf5 exf5 24. d5 Ne5 25. Nxe5 Bxe5 26. Bxe5 Rxe5 27. Nd2 Nd6 28. Rfe1 Qe7 29. Nf3 Re4 30. Qd3 Qf6 31. Rg1 Rde8 32. Kh2 f4 33. Nd2 R4e7 34. Rg6 Qf5 35. Qxf5 Nxf5 36. d6 Rd7 37. Rcg1 fxe3 38. fxe3 Rxe3 39. Nf1 Re2+ 40. Kh1 Rxd6 41. Rxd6 Nxd6 42. Rg6 Nxc4 43. Ng3 Re3 44. Nf5 Rxh3+ 45. Kg2 Rxa3 46. Rxg7+ Kf8 47. Rc7 Ne3+ 48. Nxe3 Rxe3 49. Rxa7 c4 50. Kf2 Re6 51. Kf3 c3 52. Rc7 Ke8 53. Rxc3 Kd7 54. Kf4 Rc6 55. Rg3 b5 56. Rg7+ Kd6 57. Ke4 Kc5 58. Kd3 Kb4 59. Kd2 h5 60. Rg5 Rc5 0-1

[Event "Dimitrovgrad-ch"]
[Site "Dimitrovgrad"]
[Date "2012.02.22"]
[Round "4"]
[White "Lazutin, Valerij"]
[Black "Ulanov, Alexandr"]
[Result "0-1"]
[WhiteElo "1971"]
[BlackElo "2337"]
[PlyCount "56"]
[EventDate "2012.02.19"]
[EventType "swiss"]
[EventRounds "9"]
[EventCountry "RUS"]
[SourceTitle "CBM 147 Extra"]
[Source "ChessBase"]
[SourceDate "2012.04.24"]
[SourceVersion "1"]
[SourceVersionDate "2012.04.24"]
[SourceQuality "1"]

1. c4 Nf6 2. Nc3 g6 3. g3 Bg7 4. Bg2 0-0 5. d4 Nc6 6. Nf3 d5 7. cxd5 Nxd5 8. e4 Nb6 9. Be3 Bg4 10. e5 Qd7 11. h3 Bxf3 12. Bxf3 Rad8 13. Bg4 Qe8 14. f4 Nxd4 15. 0-0 c5 16. Bf3 Nc4 17. Bxd4 cxd4 18. Nd5 e6 19. b3 exd5 20. bxc4 dxc4 21. Bxb7 Qd7 22. Qf3 d3 23. Bc6 Qd4+ 24. Kg2 c3 25. Be4 c2 26. a4 Qb2 27. Rac1 Qxc1 28. Rxc1 d2 0-1

[Event "Dimitrovgrad-ch"]
[Site "Dimitrovgrad"]
[Date "2012.02.21"]
[Round "3"]
[White "Eralashkin, Vadim"]
[Black "Lazutin, Valerij"]
[Result "0-1"]
[WhiteElo "1722"]
[BlackElo "1971"]
[PlyCount "116"]
[EventDate "2012.02.19"]
[EventType "swiss"]
[EventRounds "9"]
[EventCountry "RUS"]
[SourceTitle "CBM 147 Extra"]
[Source "ChessBase"]
[SourceDate "2012.04.24"]
[SourceVersion "1"]
[SourceVersionDate "2012.04.24"]
[SourceQuality "1"]

1. d4 d5 2. c4 c6 3. Bf4 e6 4. e3 Nf6 5. a3 a5 6. Nc3 Nbd7 7. Nf3 Be7 8. cxd5 exd5 9. h3 0-0 10. Bd3 b5 11. 0-0 Bb7 12. Qc2 h6 13. Rfe1 Re8 14. Rac1 Nb6 15. Ne5 Nc4 16. Nb1 Rc8 17. Bf5 Ra8 18. Bd3 Nxe5 19. Bxe5 Nd7 20. Bf4 Nb6 21. Nd2 Bd6 22. Bxd6 Qxd6 23. Nf3 Nc4 24. Bxc4 dxc4 25. Ne5 f6 26. Qg6 Qe7 27. Ng4 Kh8 28. e4 Bc8 29. e5 Qf8 30. exf6 Rxe1+ 31. Rxe1 Bxg4 32. fxg7+ Qxg7 33. Qxg4 Qxg4 34. hxg4 Rd8 35. Rd1 Rd5 36. f4 c5 37. Kf2 cxd4 38. Kf3 d3 39. Ke4 Rd8 40. Rd2 b4 41. axb4 axb4 42. f5 Re8+ 43. Kf3 Re1 44. Kf2 Rc1 45. Ke3 Kg7 46. Kd4 Kf6 47. b3 cxb3 48. Kxd3 Rc3+ 49. Kd4 Rg3 50. Kc4 Rxg4+ 51. Kxb3 Kxf5 52. Rd5+ Kg6 53. Rb5 h5 54. Rd5 Rxg2 55. Kxb4 h4 56. Rd3 Rg3 57. Rd8 Kf5 58. Kc4 Kg4 0-1

[Event "Dimitrovgrad Petrosian Memorial op"]
[Site "Dimitrovgrad"]
[Date "2011.06.26"]
[Round "6"]
[White "Kurjaeva, Anastasiya"]
[Black "Lazutin, Valerij"]
[Result "0-1"]
[WhiteElo "1720"]
[BlackElo "1971"]
[PlyCount "100"]
[EventDate "2011.06.18"]
[EventType "swiss"]
[EventRounds "9"]
[EventCountry "RUS"]
[SourceTitle "EXT 2012"]
[Source "ChessBase"]
[SourceDate "2011.11.24"]
[SourceVersion "1"]
[SourceVersionDate "2011.11.24"]
[SourceQuality "1"]

1. e4 c6 2. d4 d5 3. Nc3 dxe4 4. Nxe4 Bf5 5. Ng3 Bg6 6. Nf3 Nd7 7. c4 Ngf6 8. Bd3 Bxd3 9. Qxd3 e6 10. Bf4 Bb4+ 11. Nd2 0-0 12. 0-0 c5 13. Bd6 Re8 14. Nb3 Rc8 15. Rad1 Qb6 16. dxc5 Nxc5 17. Bxc5 Bxc5 18. Nxc5 Qxc5 19. b3 Qc6 20. Ne2 Qa6 21. Nc3 Qa5 22. Qf3 h6 23. h3 Qb6 24. Rfe1 a6 25. Rd3 Qc6 26. Qxc6 Rxc6 27. Red1 Kf8 28. Kf1 Ke7 29. f4 Rec8 30. Ne2 Rc5 31. g4 b5 32. cxb5 axb5 33. a4 Nd5 34. Kf2 Rc2 35. Kf3 Rxe2 36. Kxe2 Nxf4+ 37. Ke3 Nxd3 38. Rxd3 bxa4 39. bxa4 Ra8 40. Ra3 Kd6 41. Rd3+ Ke5 42. Rd7 Kf6 43. Rd4 Ra7 44. h4 e5 45. Re4 g6 46. Rb4 Ra6 47. Kd3 Ke6 48. g5 hxg5 49. hxg5 Kf5 50. Re4 Ra5 0-1

[Event "Dimitrovgrad Petrosian Memorial op"]
[Site "Dimitrovgrad"]
[Date "2010.06.16"]
[Round "5"]
[White "Ulanov, Alexandr"]
[Black "Lazutin, Valerij"]
[Result "1-0"]
[WhiteElo "2364"]
[BlackElo "1978"]
[PlyCount "42"]
[EventDate "2010.06.12"]
[EventType "swiss"]
[EventRounds "9"]
[EventCountry "RUS"]
[SourceTitle "CBM 137 Extra"]
[Source "ChessBase"]
[SourceDate "2010.09.01"]
[SourceVersion "1"]
[SourceVersionDate "2010.09.01"]
[SourceQuality "1"]

1. d4 d5 2. Nf3 c6 3. c4 e6 4. e3 Nd7 5. Bd3 dxc4 6. Bxc4 b5 7. Bd3 Bb7 8. a4 a6 9. 0-0 Ngf6 10. e4 Be7 11. Nc3 b4 12. Ne2 c5 13. e5 Bxf3 14. exf6 Nxf6 15. gxf3 cxd4 16. Nxd4 0-0 17. Nc6 Qc7 18. Nxe7+ Qxe7 19. Qe2 a5 20. Bg5 h6 21. Bh4 Rfd8 1-0

[Event "Dimitrovgrad-ch op"]
[Site "Dimitrovgrad"]
[Date "2010.03.14"]
[Round "9"]
[White "Abramov, Sergey"]
[Black "Lazutin, Valerij"]
[Result "1/2-1/2"]
[WhiteElo "2039"]
[BlackElo "1937"]
[PlyCount "45"]
[EventDate "2010.02.27"]
[EventType "swiss"]
[EventRounds "9"]
[EventCountry "RUS"]
[SourceTitle "EXT 2022"]
[Source "ChessBase"]
[SourceDate "2021.10.06"]
[SourceVersion "1"]
[SourceVersionDate "2021.10.06"]
[SourceQuality "1"]

1. e4 c6 2. d4 d5 3. Nc3 dxe4 4. Nxe4 Nd7 5. Nf3 Ngf6 6. Bd3 Nxe4 7. Bxe4 Nf6 8. Bd3 Bg4 9. c3 e6 10. h3 Bh5 11. Bg5 Be7 12. Qe2 Qd5 13. g4 Bg6 14. Bxf6 Bxd3 15. Qxd3 Bxf6 16. a3 0-0-0 17. 0-0-0 g6 18. Rhe1 Rhe8 19. Qe4 Bg7 20. Qxd5 exd5 21. Ne5 Bxe5 22. Rxe5 Rxe5 23. dxe5 1/2-1/2

[Event "Dimitrovgrad-ch op"]
[Site "Dimitrovgrad"]
[Date "2010.03.07"]
[Round "6"]
[White "Lazutin, Valerij"]
[Black "Akimov, Gennadiy"]
[Result "1/2-1/2"]
[WhiteElo "1937"]
[BlackElo "1994"]
[PlyCount "41"]
[EventDate "2010.02.27"]
[EventType "swiss"]
[EventRounds "9"]
[EventCountry "RUS"]
[SourceTitle "EXT 2022"]
[Source "ChessBase"]
[SourceDate "2021.10.06"]
[SourceVersion "1"]
[SourceVersionDate "2021.10.06"]
[SourceQuality "1"]

1. c4 Nf6 2. Nc3 e6 3. g3 c6 4. d4 d5 5. cxd5 exd5 6. Bg2 Be7 7. Nf3 0-0 8. 0-0 Bf5 9. Bg5 Ne4 10. Bxe7 Qxe7 11. Nxe4 Bxe4 12. Nh4 Bxg2 13. Nxg2 Nd7 14. e3 Nf6 15. Qc2 Ne4 16. Ne1 h5 17. h4 g5 18. Nf3 f6 19. hxg5 fxg5 20. Ne5 Rf6 21. Qe2 1/2-1/2

[Event "Dimitrovgrad-ch op"]
[Site "Dimitrovgrad"]
[Date "2010.02.28"]
[Round "3"]
[White "Lazutin, Valerij"]
[Black "Gilmatdinov, Rashit"]
[Result "1-0"]
[WhiteElo "1937"]
[BlackElo "1594"]
[PlyCount "77"]
[EventDate "2010.02.27"]
[EventType "swiss"]
[EventRounds "9"]
[EventCountry "RUS"]
[SourceTitle "EXT 2022"]
[Source "ChessBase"]
[SourceDate "2021.10.06"]
[SourceVersion "1"]
[SourceVersionDate "2021.10.06"]
[SourceQuality "1"]

1. c4 c5 2. Nc3 Nf6 3. g3 g6 4. Bg2 Bg7 5. Nf3 0-0 6. d4 cxd4 7. Nxd4 Nc6 8. e3 a6 9. 0-0 Qc7 10. b3 d6 11. Bb2 Bg4 12. Qd2 Qc8 13. Rac1 Bh3 14. Nd5 Bxg2 15. Kxg2 Qd8 16. Nxc6 bxc6 17. Nxf6+ exf6 18. Rfd1 d5 19. cxd5 cxd5 20. Qxd5 Qxd5+ 21. Rxd5 a5 22. Rcd1 a4 23. b4 a3 24. Bd4 Rfd8 25. Rxd8+ Rxd8 26. Rb1 Rb8 27. b5 h5 28. b6 Rb7 29. Rb3 f5 30. Bc5 Bb2 31. Rb4 Kg7 32. Ra4 Kf6 33. Ra7 Rb8 34. Rc7 Ke6 35. f4 f6 36. b7 Kd5 37. Ba7 Rxb7 38. Rxb7 Kc6 39. Rg7 1-0